The James Bond Novels (11 of 12): You Only Live Twice - Statistics

General Stats
  • This quiz has been taken 10 times
  • The average score is 11 of 20
Answer Stats
Question Answer % Correct
At the start of the novel Bond is still mourning whose death? Tracy’s
100%
What is the name of the Australian who assist Bond in Japan? Dikko Henderson
89%
According to Bond’s obituary, which school was he expelled from? Eton College
89%
Which agent, a former film actress, assists Bond in his mission? Kiss Suzuki
89%
Who writes Bond’s obituary, which appears in several newspapers? M
89%
Who does the owner actually turn out to be, to Bond’s surprise? Ernst Stavro Blofeld
78%
What is the name of the ‘garden’ in the castle grounds? The Garden of {Death}
78%
What is the name of the Japanese Secret Service chief Bond meets? Tiger Tanaka
78%
Which new code number is Bond assigned for his Japanese mission? 7777
56%
How does Bond ultimately kill the novel’s central villain? He {strangles} him
56%
Which actor does she say was the only man who was ever kind to her? David Niven
44%
What is said to be the name of the strange man who operates it? Dr. Guntram {Shatterhand}
44%
Bond recognises which word, seen on a piece of old newspaper? Vladivostok
44%
According to Bond’s obituary, what was the name of his late mother? Monique Delacroix
33%
Bond is asked to travel to a rebuilt castle on which Japanese island? Kyushu
22%
What is the code name given to Soviet radio transmissions? Magic 44
22%
According to Bond’s obituary, in which village in Kent did she raise him? Pett Bottom
22%
Which neurologist does M consult about Bond’s mental state? Sir James {Molony}
22%
According to Bond’s obituary, which aunt raised him from age eleven? Charmian Bond
11%
As part of the mission Bond poses as a coal miner with what name? Taro Todoroki
11%
No matching quizzes found
Score Distribution
Percent of People with Each Score
Percentile by Number Answered
Your Score History
You have not taken this quiz